Religion Quiz

Random Religion or Art Quiz

Name the Saint Quiz Stats

Quiz not verified by Sporcle

Challenge
Share
Tweet
Score 0/16 Timer 09:00
0 Plays Today
% Correct
Saint George
69.6%
Saint Peter
69.6%
Saint Mary
58.7%
Saint Christopher
52.2%
John the Baptist
52.2%
Jacob
50%
Saint Matthew
37%
Saint Catherine
34.8%
% Correct
Mary Magdalene
34.8%
Saint Jerome
33.3%
Saint Mark
32.6%
Saint Barbara
30.4%
Abraham
28.3%
John the Evangelist
28.3%
Moses
28.3%
Saint Luke
13%

You're not logged in!

Compare scores with friends on all Sporcle quizzes.
Sign Up with Email
OR
Log In

You Might Also Like...

Show Comments

Extras

Top Quizzes Today


Score Distribution

Your Account Isn't Verified!

In order to create a playlist on Sporcle, you need to verify the email address you used during registration. Go to your Sporcle Settings to finish the process.

Report this User

Report this user for behavior that violates our Community Guidelines.

Details: